Call for reform leaves valuers at a crossroads (Record no. 68756)

MARC details
000 -LEADER
fixed length control field 01239cam a2200241 4500
001 - CONTROL NUMBER
control field ABS64743
008 - FIXED-LENGTH DATA ELEMENTS--GENERAL INFORMATION
fixed length control field 011101n2001 000 0 eng u
035 ## - SYSTEM CONTROL NUMBER
System control number (Sirsi) u115445
100 ## - MAIN ENTRY--PERSONAL NAME
Personal name Davey, J
245 ## - TITLE STATEMENT
Title Call for reform leaves valuers at a crossroads
260 ## - PUBLICATION, DISTRIBUTION, ETC.
Date of publication, distribution, etc. 2001
490 ## - SERIES STATEMENT
Series statement Property Week
Volume/sequential designation 66(41) 12 October 2001, 18-19(2)
520 ## - SUMMARY, ETC.
Summary, etc. A report by Schroder Saloman Smith Barney's analyst team, "At the crossroads", attacks the accuracy of property valuations and calls for audit-style regulation. Article discusses how the report proposes to tighten regulations surrounding net asset value equity valuations. Key recommendations include: rotating valuers of quoted property companies every three years; making valuers report to shareholders; disclosing valuation fees in accounts; disclosing instructions given to valuers by property companies in accounts; and ensuring property companies ask valuers to disclose asset-by-asset valuations.
590 ## - LOCAL NOTE (RLIN)
Local note ABS
650 ## - SUBJECT ADDED ENTRY--TOPICAL TERM
Topical term or geographic name entry element SURVEYING FIRMS
650 ## - SUBJECT ADDED ENTRY--TOPICAL TERM
Topical term or geographic name entry element REGULATION
650 ## - SUBJECT ADDED ENTRY--TOPICAL TERM
Topical term or geographic name entry element NET ASSET VALUE
650 ## - SUBJECT ADDED ENTRY--TOPICAL TERM
Topical term or geographic name entry element VALUERS
650 ## - SUBJECT ADDED ENTRY--TOPICAL TERM
Topical term or geographic name entry element PROPERTY VALUATIONS
650 ## - SUBJECT ADDED ENTRY--TOPICAL TERM
Topical term or geographic name entry element VALUATION STANDARDS
690 ## - LOCAL SUBJECT ADDED ENTRY--TOPICAL TERM (OCLC, RLIN)
Topical term or geographic name as entry element PROPERTY-PROPERTY APPRAISAL AND VALUATION
942 ## - ADDED ENTRY ELEMENTS (KOHA)
Suppress in OPAC 0
Holdings
Withdrawn status Lost status Source of classification or shelving scheme Damaged status Not for loan Home library Current library Shelving location Date acquired Total Checkouts Full call number Barcode Date last seen Copy number Price effective from Koha item type
    Dewey Decimal Classification     London London Journal article 01/11/2001   ABS64743 115445-1001 06/08/2019 1 06/08/2019 Journal article